000 00317 a2200109 4500
001 ART_50054
005 20260410161631.0
008 260409a
245 1 0 _aEl tablero de comando útil para la empresa actual
100 1 _aSmolje, Alejandro R.
773 0 _tEnfoques
_g- N°10 (oct. 2019)
_wREV416
999 _c12500
_d12500